The shackled continent : (Record no. 131381)
[ view plain ]
| 000 -LEADER | |
|---|---|
| fixed length control field | 01670cam a22003614a 4500 |
| 001 - CONTROL NUMBER | |
| control field | 13599101 |
| 003 - CONTROL NUMBER IDENTIFIER | |
| control field | ARRUPE |
| 005 - DATE AND TIME OF LATEST TRANSACTION | |
| control field | 20220510081705.0 |
| 008 - FIXED-LENGTH DATA ELEMENTS--GENERAL INFORMATION | |
| fixed length control field | 040520s2004 dcub b 001 0 eng |
| 010 ## - LIBRARY OF CONGRESS CONTROL NUMBER | |
| LC control number | 2004052131 |
| 020 ## - INTERNATIONAL STANDARD BOOK NUMBER | |
| International Standard Book Number | 158834214X (alk. paper) |
| 020 ## - INTERNATIONAL STANDARD BOOK NUMBER | |
| International Standard Book Number | 9781588342140 (alk. paper) |
| 035 ## - SYSTEM CONTROL NUMBER | |
| System control number | (OCoLC)ocm55518162 |
| 040 ## - CATALOGING SOURCE | |
| Original cataloging agency | DLC |
| Transcribing agency | DLC |
| Modifying agency | YDX |
| -- | GZM |
| -- | OCLCQ |
| -- | OCL |
| -- | BAKER |
| -- | BTCTA |
| -- | LVB |
| -- | YDXCP |
| -- | EXW |
| -- | JRA |
| -- | DLC |
| 042 ## - AUTHENTICATION CODE | |
| Authentication code | pcc |
| 043 ## - GEOGRAPHIC AREA CODE | |
| Geographic area code | f------ |
| 050 00 - LIBRARY OF CONGRESS CALL NUMBER | |
| Classification number | JQ1875.A55 |
| Item number | C6378 2004 |
| 082 00 - DEWEY DECIMAL CLASSIFICATION NUMBER | |
| Classification number | 960.3/2 |
| Edition number | 22 |
| 300 ## - PHYSICAL DESCRIPTION | |
| Other physical details | 1 map ; |
| Dimensions | 24 cm. |
| 100 1# - MAIN ENTRY--PERSONAL NAME | |
| Personal name | Guest, Robert. |
| 9 (RLIN) | 10546 |
| 245 14 - TITLE STATEMENT | |
| Title | The shackled continent : |
| Remainder of title | Africa's past, present and future/ |
| Statement of responsibility, etc | Robert Guest. |
| 260 ## - PUBLICATION, DISTRIBUTION, ETC. (IMPRINT) | |
| Place of publication, distribution, etc | London : |
| Name of publisher, distributor, etc | MacMillan, |
| Date of publication, distribution, etc | 2004. |
| 300 ## - PHYSICAL DESCRIPTION | |
| Extent | 280 p. : |
| 504 ## - BIBLIOGRAPHY, ETC. NOTE | |
| Bibliography, etc | Includes bibliographical references (p. 259-273) and index. |
| 505 00 - FORMATTED CONTENTS NOTE | |
| Title | Introduction: Why Is Africa So Poor? -- |
| -- | The Vampire State -- |
| -- | Digging Diamonds, Digging Graves -- |
| -- | No Title -- |
| -- | Sex and Death -- |
| -- | The Son of a Snake is a Snake -- |
| -- | Fair Aid, Free Trade -- |
| -- | Of Potholes and Grasping Gendarmes -- |
| -- | Wiring the Wilderness -- |
| -- | Beyond the Rainbow Nation -- |
| -- | Conclusion: One Step at a Time. |
| 520 ## - SUMMARY, ETC. | |
| Summary, etc | Donated by Friends of the Library. |
| 610 20 - SUBJECT ADDED ENTRY--CORPORATE NAME | |
| Corporate name or jurisdiction name as entry element | Continental Organization for Global Co-operation Against Poverty in Africa. |
| 9 (RLIN) | 10547 |
| 650 #0 - SUBJECT ADDED ENTRY--TOPICAL TERM | |
| Topical term or geographic name as entry element | Political corruption |
| Geographic subdivision | Africa. |
| 9 (RLIN) | 10548 |
| 651 #0 - SUBJECT ADDED ENTRY--GEOGRAPHIC NAME | |
| Geographic name | Africa |
| General subdivision | Politics and government |
| Chronological subdivision | 1960- |
| 651 #0 - SUBJECT ADDED ENTRY--GEOGRAPHIC NAME | |
| Geographic name | Africa |
| General subdivision | Social conditions |
| Chronological subdivision | 1960- |
| 906 ## - LOCAL DATA ELEMENT F, LDF (RLIN) | |
| a | 7 |
| b | cbc |
| c | orignew |
| d | 1 |
| e | ocip |
| f | 20 |
| g | y-gencatlg |
| 942 ## - ADDED ENTRY ELEMENTS (KOHA) | |
| Source of classification or shelving scheme | Library of Congress Classification |
| Koha item type | Monograph ( Printed materials) |
| Withdrawn status | Lost status | Source of classification or shelving scheme | Damaged status | Not for loan | Collection code | Home library | Current library | Shelving location | Date acquired | Total Checkouts | Full call number | Barcode | Date last seen | Price effective from | Koha item type |
|---|---|---|---|---|---|---|---|---|---|---|---|---|---|---|---|
| Library of Congress Classification | Main Collection | ARRUPE LIBRARY | ARRUPE LIBRARY | Main Collection | 10/05/2022 | JQ1875.A55 C6378 2004 | 46600008448 | 10/05/2022 | 10/05/2022 | Monograph ( Printed materials) |